00625nam a22001937a 45000010005000000030008000050050017000130080041000300350018000710400026000890410008001150820013001231100041001362450141001772600051003183000023003695040019003926500020004115142BD-RjUL20211208234022.0131224s1961 un ||| |||| 001 0 eng d a(BD-RjUL)5178 aBD-RjULbengcBD-RjUL aeng04a336bPUB aNational Bureau of Economic Research aPublis Finances : Needs, Sources, and Utilization :bA Conferance of the universities-National Bureau Committee for Economic Research / aPrinceton :bPrinceton University Press,c1961 axiv,512p. ;c21cm. aIncludes Index07aPublis Finances